| 000 | 00701nam a2200229 a 4500 | ||
|---|---|---|---|
| 005 | 20251121063923.0 | ||
| 008 | 070124s1988 mx r 000 0 spa d | ||
| 020 | _a9681317033 | ||
| 035 | _aUPN01000148851 | ||
| 049 | _aCG | ||
| 050 | 4 |
_aHQ46 _bD8.3 |
|
| 100 | 1 | _aDumay, Regine | |
| 245 | 1 | 0 |
_aCómo hacerle el amor a un hombre / _cRegine Dumay ; tr. Guadalupe Meza de Gárate. |
| 260 |
_aMéxico : _bDiana, _c1988. |
||
| 300 | _a142 p. | ||
| 534 |
_pTítulo original: _tComment bien faire l'amour a un homme |
||
| 650 | 4 |
_aEducación sexual para mujeres _99153 |
|
| 650 | 4 |
_aHOMBRES - _xCONDUCTA SEXUAL _97603 |
|
| 650 | 4 |
_aSexo (Psicología) _97377 |
|
| 650 | 4 |
_aAmor _94320 |
|
| 905 | _aLibro | ||
| 999 |
_c120992 _d120992 |
||